Sacramento Kings leading scorers each game (2024-2025 season) - Statistics

General Stats
  • This quiz has been taken 13 times
  • The average score is 6 of 9
Answer Stats
# of games Player % Correct
21 De'Aaron Fox
100%
8 Domantas Sabonis
92%
29 DeMar DeRozan
83%
10 Zach Lavine
83%
2 Keegan Murray
67%
2 Keon Ellis
58%
8 Malik Monk
58%
1 Jonas Valanciunas
33%
1 Kevin Huerter
33%
No matching quizzes found
Score Distribution
Percent of People with Each Score
Percentile by Number Answered
Your Score History
You have not taken this quiz